ადამიანებით ვაჭრობის (ტრეფიკინგის) შესახებ / (ბიბ.ჩანაწერი № 59471)
[ მარტივი ფორმატი ]
| 000 -ლიდერი | |
|---|---|
| ფიქსირებული სიგრძის საკონტროლო ველი | 01330nam a22001937a 4500 |
| 003 - საკონტროლო ნომრის იდენტიფიკატორი | |
| საკონტროლო ველი | Ge_BSU |
| 005 - ბოლო ოპერაციის თარიღი და დრო | |
| საკონტროლო ველი | 20230227111516.0 |
| 008 - ფიქსირებული სიგრძის მონაცემთა ელემენტები - ზოგადი ინფორმაცია | |
| ფიქსირებული სიგრძის საკონტროლო ველი | 230227s2005 ge ||||| |||| 00| 0 geo d |
| 041 ## - ენის კოდი | |
| Language code of text/sound track or separate title | geo |
| 080 ## - უნივერსალური ათობითი კლასიფიკაციის ინდექსი | |
| Universal Decimal Classification number | 343.431 ა-26 |
| 245 ## - ცნობა სათაურის შესახებ | |
| Title | ადამიანებით ვაჭრობის (ტრეფიკინგის) შესახებ / |
| Statement of responsibility, etc | რედაქტორი ხათუნა ყვირალაშვილი. |
| 264 ## - წარმოების, გამოცემის, დისტრიბუციის და სხვა ცნობები | |
| გამოცემის, წარმოების, დისტრიბუციის... ადგილი | თბილისი : |
| გამოცემის, წარმოების, დისტრიბუციის... სახელწოდება | ახალგაზრდა იურისტთა ასოციაცია, |
| გამოცემის, წარმოების, დისტრიბუციის... თარიღი | 2005. |
| 300 ## - ფიზიკური აღწერა | |
| Extent | 60 გვ. ; |
| Other physical details | 20 სმ. |
| 490 ## - სერიის ცნობა | |
| Series statement | ჩვენი უფლებები: უცხოეთში წამსვლელთათვის |
| 500 ## - ზოგადი შენიშვნა | |
| General note | ტექსტი ქართულ და რუსულ ენებზე. ბროშურა გამოცემულია აშშ-ის საერთაშორისო განვითარების სააგენტოს (USAID) და IRIS - საქართველოს ფინანსური მხარდაჭერით. |
| 653 ## - INDEX TERM--UNCONTROLLED | |
| Uncontrolled term | ადამიანებით ვაჭრობა. |
| 700 ## - ADDED ENTRY--PERSONAL NAME | |
| Personal name | ყვირალაშვილი, ხათუნა |
| Relator term | რედაქტორი. |
| 9 (RLIN) | 17046 |
| 942 ## - ADDED ENTRY ELEMENTS (KOHA) | |
| Source of classification or shelving scheme | |
| Koha item type | წიგნი |
| ჩამოწერის სტატუსი | დაკარგული ეგზემპლარის სტატუსი | კლასიფიკაციის წყარო ან თაროზე გაწყობის სქემა | დაზიანების სტატუსი | არ გაიცემა | მუდმივი მდებარეობა (დაცვის ადგილი) | ამჟამინდელი ადგილსამყოფელი | თაროზე განთავსების ადგილი | შეძენის თარიღი | ღირებულება, შესყიდვის ნორმალური ფასი | სრული შენახვის შიფრი | შტრიხკოდი | ბოლო ოპერაციის თარიღი | ეგზემპლარის მიმდევრობითი ნომერი (კეტერი?) | ფასის ძალაში შესვლის თარიღი | ეგზემპლარის სახეობა | საჯარო შენიშვნა |
|---|---|---|---|---|---|---|---|---|---|---|---|---|---|---|---|---|
| ბათუმის შოთა რუსთაველის სახელმწიფო უნივერსიტეტის მთავარი ბიბლიოთეკა | ბათუმის შოთა რუსთაველის სახელმწიფო უნივერსიტეტის მთავარი ბიბლიოთეკა | წიგნსაცავი | 2023-02-27 | 4.00 | 343.431 ა-26 | 63906 | 2023-02-27 | 63906 | 2023-02-27 | წიგნი | 4 ლ. | |||||
| ბათუმის შოთა რუსთაველის სახელმწიფო უნივერსიტეტის მთავარი ბიბლიოთეკა | ბათუმის შოთა რუსთაველის სახელმწიფო უნივერსიტეტის მთავარი ბიბლიოთეკა | წიგნსაცავი | 2023-02-27 | 4.00 | 343.431 ა-26 | 93917 | 2023-02-27 | 93917 | 2023-02-27 | წიგნი | 4 ლ. |
